00494nam a2200217Ia 450000500170000000800460001702000180006303700100008104000080009104000080009904000080010704100080011504100080012308400080013110000120013924500280015126000320017926000090021165000160022085600400023620260306163853.0008 260114s9999 xx 000 0 eng d a9781781700907 aEBOOK aCRL beng cCRL 2eng aeng qCRL aBassett 4aThe Arc And The Machine bManchester University Press c2012 aSocial Work uhttps://academic.oup.com/book/19975